Statistics for Top Cocoa Producing Countries

Click here to take the quiz!

General Stats

  • This quiz has been taken 46 times
  • The average score is 12 of 15

Answer Stats

Cocoa
(metric tons)
Country% Correct
259,425Brazil
98%
102,154Colombia
96%
811,700Ghana
89%
2,180,000Cote d'Ivoire
87%
783,978Indonesia
87%
28,452Mexico
84%
135,928Peru
84%
24,000India
82%
350,146Nigeria
82%
23,847Venezuela
82%
283,680Ecuador
80%
280,000Cameroon
67%
88,961Dominican Republic
62%
35,000Uganda
40%
45,668Papua New Guinea
33%

Score Distribution

Percentile by Number Answered

Percent of People with Each Score

Your Score History

You have not taken this quiz